000 00424nam a22001577a 4500
999 _c258610
_d258609
003 OSt
005 20200622131621.0
008 200622b xxu||||| |||| 00| 0 eng d
020 _a0137585179
040 _cN/A
100 _aSue.C.Wortham
245 _aEarly Childhood Curriculum
_bDevelopmental Bases for Learning and Teaching
250 _aSecond Edition
260 _aNew York
_bPrentice Hall
_c1998
942 _2lcc
_cBK